000 00437nam a2200181Ia 4500
001 3530
005 20260306145650.0
008 260306t1980||||xx |||||||||||||| ||spa||
041 _aESP
082 _a287.1
_bG63
100 _aGómez Anton, Luciano
_eAUT
245 0 _aSugerencias para una educación cristiana
260 _c1980
300 _a146 páginas :
_c18 cm.
650 _aGEN
654 _aCHU
942 _cLIB
_dJUS
_fJUS
_2ddc
_n
999 _c3530
_d3530